पौराणिक कथाएँ : (Record no. 117727)
[ view plain ]
| 000 -LEADER | |
|---|---|
| fixed length control field | 01129nam a22002777a 4500 |
| 003 - CONTROL NUMBER IDENTIFIER | |
| control field | dpl |
| 005 - DATE AND TIME OF LATEST TRANSACTION | |
| control field | 20190225134232.0 |
| 008 - FIXED-LENGTH DATA ELEMENTS--GENERAL INFORMATION | |
| fixed length control field | 190225b ||||| |||| 00| 0 eng d |
| 010 ## - LIBRARY OF CONGRESS CONTROL NUMBER | |
| LC control number | B-069502 |
| 020 ## - INTERNATIONAL STANDARD BOOK NUMBER | |
| Terms of availability | 200.00 |
| International Standard Book Number | 8187963069 |
| 035 ## - SYSTEM CONTROL NUMBER | |
| System control number | B-069502, B-069504 |
| 037 ## - SOURCE OF ACQUISITION | |
| Source of stock number/acquisition | Cen Lib/Ret |
| 040 ## - CATALOGING SOURCE | |
| Original cataloging agency | DPL |
| Language of cataloging | HN |
| Transcribing agency | 0 |
| 082 ## - DEWEY DECIMAL CLASSIFICATION NUMBER | |
| Classification number | क |
| Item number | कौशिक |
| 100 ## - MAIN ENTRY--PERSONAL NAME | |
| Personal name | कौशिक, विमला |
| 9 (RLIN) | 76543 |
| 245 ## - TITLE STATEMENT | |
| Title | पौराणिक कथाएँ : |
| Statement of responsibility, etc | विमला कौशिक |
| Remainder of title | गणेश चरित / |
| 246 ## - VARYING FORM OF TITLE | |
| Title proper/short title | Pauranik kathaye : ganesh charit / |
| Remainder of title | by Vimal Kaushik |
| 260 ## - PUBLICATION, DISTRIBUTION, ETC. (IMPRINT) | |
| Place of publication, distribution, etc | दिल्ली |
| Name of publisher, distributor, etc | वरुण प्रकाशन |
| Date of publication, distribution, etc | 2001 |
| 270 ## - ADDRESS | |
| Address | 28/64, गली नं. 15, विश्वास नगर |
| City | दिल्ली |
| Postal code | 110032 |
| 300 ## - PHYSICAL DESCRIPTION | |
| Extent | 176पृ. |
| Dimensions | 21सेमी (सजिल्द) |
| 650 ## - SUBJECT ADDED ENTRY--TOPICAL TERM | |
| Topical term or geographic name as entry element | साहित्य--लघु कथाएँ |
| 9 (RLIN) | 5234 |
| 650 ## - SUBJECT ADDED ENTRY--TOPICAL TERM | |
| Topical term or geographic name as entry element | हिन्दी लघु कथाएँ |
| 9 (RLIN) | 45972 |
| 650 ## - SUBJECT ADDED ENTRY--TOPICAL TERM | |
| Topical term or geographic name as entry element | Literature--Short Stories |
| 9 (RLIN) | 76544 |
| 650 ## - SUBJECT ADDED ENTRY--TOPICAL TERM | |
| Topical term or geographic name as entry element | Hindi Short Stories |
| 9 (RLIN) | 29625 |
| 942 ## - ADDED ENTRY ELEMENTS (KOHA) | |
| Source of classification or shelving scheme | Dewey Decimal Classification |
| Koha item type | Hindi Books |
| Classification part | क |
| Call number suffix | कौशिक |
| Withdrawn status | Lost status | Damaged status | Not for loan | Home library | Current library | Date acquired | Source of acquisition | Cost, normal purchase price | Total Checkouts | Full call number | Barcode | Date last seen | Date checked out | Copy number | Cost, replacement price | Price effective from | Koha item type | Source of classification or shelving scheme | Collection code |
|---|---|---|---|---|---|---|---|---|---|---|---|---|---|---|---|---|---|---|---|
| Central Library | Central Library | 08/09/2015 | Cen Lib/Ret | 200.00 | 1 | क कौशिक | B-069502 | 26/12/2017 | 12/12/2017 | 1 | 200.00 | 08/09/2015 | Hindi Books | ||||||
| Shahdara Branch | Shahdara Branch | 25/02/2019 | BPPD/PUB | 200.00 | क कौशिक | B-069504 | 25/02/2019 | 200.00 | 25/02/2019 | Hindi Books | Dewey Decimal Classification | Fiction |
